Çevre bilinci (Record no. 918)

MARC details
000 -BAŞLIK
Sabit Uzunlukta Kontrol Alanı 00786na a2200277 4500
001 - KONTROL NUMARASI
Denetim Alanı 12980
003 - KONTROL NUMARASI IDENTIFIER
Denetim Alanı MIRAKIL
005 - SON İŞLEM TARİHİ VE ZAMANI
Denetim Alanı 20181213154806.0
008 - SABİT-BOY VERİ ELEMANLARI - GENEL BİLGİLER
Sabit Uzunlukta Kontrol Alanı 161005b tu 000 0
020 ## - ULUSLARARASI STANDART KİTAP NUMARASI
Uluslararası Standart Kitap Numarası 9789751942951
035 ## - SİSTEM KONTROL NUMARASI
Sistem Kontrol Numarası 12980
040 ## - KATALOGLAMA KAYNAK
Orijinal Kataloglama Ajansı Milas
Kataloglama Dili tur
Metne Dönüştürmek Ajansı TR-AnCHP
041 ## - DİL KODU
Metin / Ses Parça Veya Ayrı Başlığın Dil Kodu tur
082 ## - DEWEY ONLU SINIFLANDIRMA NUMARASI
Sınıflandırma Numarası 297.104
Ürün Numarası A12ç 2009
090 ## - SINIFLAMA NUMARASI
Sınıflama Numarası 297.104 A12ç 2009
100 ## - ANA GİRİŞ - KİŞİSEL İSİM
Kişisel Ad Abak, Ayla
245 ## - BAŞLIK TABLOSU
Başlık Çevre bilinci
Sorumluluk Tablosu, Vb Ayla Abak
260 ## - YAYIN, DAĞITIM, VB
Yayın, Dağıtım, Vb Yeri Ankara
Yayıncı, Dağıtıcı, Vs Adı Diyanet İşleri Başkanlığı
Yayın, Dağıtım, Vb Tarihi 2009
300 ## - FİZİKSEL TANIM
Kapsam 55 s.
Diğer Fiziksel Ayrıntıları res.
Boyutlar 19 sm.
440 ## - SERİSİ TABLOSU / KATMA GİRİŞİ - BAŞLIK
Başlık Diyanet İşleri Başkanlığı yayınları
Hacim / Ardışık Tanımı 724
490 ## - SERİSİ TABLOSU
Seri Beyanı Cep Kitapları
Hacim / Ardışık Tanımı 86
490 ## - SERİSİ TABLOSU
Seri Beyanı Sorunlarımız ve Sorumluluklarımız serisi
Hacim / Ardışık Tanımı 10
650 ## - KONU KATMA GİRİŞ - TOPİKAL DÖNEM
Topikal Süreli Veya Coğrafi Ad Giriş Elemanı Sosyal dinbilim
650 ## - KONU KATMA GİRİŞ - TOPİKAL DÖNEM
Topikal Süreli Veya Coğrafi Ad Giriş Elemanı İslam dini
Genel Alt Bölümü Çevre bilinci
942 ## - EKLENDİ GİRİŞ ELEMANLARI (KOHA)
Sınıflandırma Veya Raf Düzeni Kaynak Dewey Decimal Classification
Koha Öğesi Türü Books
999 ## - SİSTEM KONTROL NUMARALARI (KOHA)
Koha Biblionumber 918
Koha Biblioitemnumber 918
Holdings
Kalıcı Konum Mevcut Konum Edinme Tarihi Edinim Kaynak Toplam Check-Out'Lar Tam Çağrı Numarası Barkod Tarih Son Görülme İtibaren Geçerli Fiyatlar Koha Öğesi Türü
CHP Kütüphanesi CHP Kütüphanesi 08/04/2016 Bağış   297.104 A12ç 2009 000715 08/04/2016 08/04/2016 Books